000 01307cam a2200373 i 4500
001 26564
003 Mx-PuUPA
005 20250911100002.0
008 140415s2008 ag gr 000 0 spa d
020 _a9789876400053
040 _aMx-PuUPA
_cMx-PuUPA
_bspa
_dMx-PuUPA
_erda
041 1 _aspa
_heng
100 1 _aChesterton, G. K.,
_q(Gilbert Keith),
_d1874-1936
_eautor
_96386
240 1 4 _aThe new Jerusalem.
_lEspañol
245 1 3 _aLa nueva Jerusalén :
_bapuntes desde tierra santa /
_cGilbert Keith Chesterton ; traducción, prólogo y notas de Horacio Velasco Suárez
250 _a1a edición /
_bfebrero
264 1 _aBuenos Aires :
_bAgape Libros,
_c2008
300 _a365 páginas ;
_c20 cm
336 _2rdacontent
_atexto
_btxt
337 _2rdamedia
_asin medio
_bn
338 _2rdacarrier
_avolumen
_bnc
490 0 _aMegále ;
_v9
490 0 _aColección Eusébeia
650 7 _2armarc
_913986
_aJudíos
_xRestauración
651 4 _aJerusalén
651 4 _aPalestina
651 4 _aJerusalén
_xHistoria
700 1 _aVelasco Suárez, Horacio,
_etraductor
_eprologuista
765 0 _aChesterton, G. K., (Gilbert Keith), 1874-1936
_tThe new Jerusalem.
942 _2ddc
_cLI
_h956.9442
_iC54
999 _c26564
_d26564